| 000 | 00543nam a2200169 4500 | ||
|---|---|---|---|
| 001 | 137527 | ||
| 003 | ES-MaACL | ||
| 005 | 20230906195405.0 | ||
| 007 | t| | ||
| 008 | 070214s1963 sp r ||||1| spa d | ||
| 100 | 1 |
_aSánchez Cantón, Francisco Javier, _d1891-1971 _9102521 |
|
| 245 | 1 | 0 |
_aMuseo del Prado _b: catálogo de las pinturas / _cFrancisco Javier Sánchez Cantón. |
| 260 |
_aMadrid : _b[s.n.], _c1963 ( _fTip. Brass) |
||
| 300 |
_aXXVI, 896 p. ; _c18 cm. |
||
| 852 |
_aES-MaACL _jC-52613 _bR.85567 |
||
| 999 |
_c137527 _d137527 |
||